000 00717nam a2200229 a 4500
001 000028946
003 000028946
005 20170927130656.0
008 110412t1995 dr 001 p spa d
040 _aBPMSU
_bspa
_cBPMSU
092 _aRD861.44
_bS619c
100 1 _aSiris, José,
_d1959-
245 1 0 _aCrónica de los pasos a través de la vuelta :
_b(poemas) /
_cJosé Siris.
260 _aSanto Domingo :
_bGlobo Publicidad,
_c1995.
300 _a60 p. ;
_c22 cm.
650 4 _aPOESÍA DOMINICANA
650 4 _aLITERATURA DOMINICANA
910 _aValidado. Control de calidad EMS.
942 _2ddc
_cMP
945 _aTítulo remanejado para BNPHU / 2017 VM
956 _aVMATEO
_b10
_c20150923
_lBPMSU
_h 0069
999 _c7147
_d7147